000 00578cab a2200217 4500
001 A217
008 090401t1983 xxu||||| |||| 00| 0 eng d
035 _a(Sirsi) u27836
041 _aeng
100 _aWard, C.W.R.
245 _aFinancial analysis of leasing decisions and property investment
260 _c1983
350 _a0
490 _aJournal of Valuation
_v1(1) 1983, 32-38(7)
650 _aLEASEHOLD VALUATIONS
650 _aLEASES
650 _aVALUATION METHODS
690 _aPROPERTY-PROPERTY FINANCE AND INVESTMENT
942 _n0
948 _c04/03/1997
999 _c18760
_d18760